• 首页
  • 本馆介绍
  • 公告通知
  • 最新文献
  • 馆藏检索
  • 电子资源
  • 读者导购
  • 参考咨询
  • 我的图书馆
  • 登录
  • 详细信息显示
  • 放入我的书架
  • 预约/预借图书
  • 作者相关作品
  • 分类相关作品
  • 丛书相关作品
  • 出版社相关作品

书目信息

  • 表格格式
  • 工作单格式
  • 卡片格式
题名:
农业产业现代化促进法律问题研究
    
 
作者: 吴长波 主编
分册:  
出版信息: 武汉   华中科技大学出版社  2014
页数: 232页
开本: 24cm
丛书名:
单 册:
中图分类: D922.44
科图分类:
主题词: 农业法--Nong Ye Fa--研究--中国
电子资源:
ISBN: 978-7-5680-0367-4
000 00905nam0 22002411 450
001 349632
005 20161008165916.93
010    @a978-7-5680-0367-4@dCNY38.00
100    @a20150303d2014 em y0chiy50 ea
101 0  @achi
102    @aCN@b420000
105    @ay z 000yy
106    @ar
200 1  @a农业产业现代化促进法律问题研究@ANong Ye Chan Ye Xian Dai Hua Cu Jin Fa Lv Wen Ti Yan Jiu@f吴长波主编
210    @a武汉@c华中科技大学出版社@d2014
215    @a232页@d24cm
300    @a农民权益保护与农村产业发展法律问题研究/赵万一主编 中国法学会十大专项研究规划项目
330    @a本书通过对农业产业现代化和农业产业现代化促进法律制度的相关理论进行梳理、论证,旨在为从法律政策层面促进农业产业化提供理论支撑。
606 0  @a农业法@ANong Ye Fa@x研究@y中国
690    @aD922.44@v5
701  0 @a吴长波@AWu Chang Bo@f(1981~)@4主编
801  0 @aCN@bTANGWEI@20160730
905    @b0885985-9@dD922.44@e1343@f5
    
    农业产业现代化促进法律问题研究/吴长波主编.-武汉:华中科技大学出版社,2014
    232页;24cm
    农民权益保护与农村产业发展法律问题研究/赵万一主编 中国法学会十大专项研究规划项目
    
    ISBN 978-7-5680-0367-4:CNY38.00
    本书通过对农业产业现代化和农业产业现代化促进法律制度的相关理论进行梳理、论证,旨在为从法律政策层面促进农业产业化提供理论支撑。
●
相关链接 在E读中查询图书 在五车中查询图书 在当当中查询图书 在豆瓣中查询图书


正题名:农业产业现代化促进法律问题研究     索取号:D922.44/1343         预约/预借

序号 登录号 条形码 馆藏地/架位号 状态 备注
1 0885985   208859859   第一样本阅览室/ [索取号:D922.44/1343] 在馆    
2 0885986   208859868   第一借阅区/ [索取号:D922.44/1343] 在馆    
3 0885987   208859877   第一借阅区/ [索取号:D922.44/1343] 在馆    
4 0885988   208859886   第一借阅区/ [索取号:D922.44/1343] 在馆    
5 0885989   208859895   密集书库-海洋学院/ [索取号:D922.44/1343] 在馆    
唐山师范学院图书馆 欢迎您!
大连网信软件有限公司© 版权所有